LEADER 00675nam0-2200253 --450 001 9911001974103321 005 20250604103843.0 100 $a20250604d19..----kmuy0itay5050 ba 101 0 $afre 102 $aFR 105 $af 001yy 200 1 $aAlbum du Fleuriste$fpar J. C. Tissot 210 $a[Paris]$cMM. Tissot & Cie$d[19..] 215 $a206 tavole$d22x28 cm 610 0 $aFloricoltura 676 $a635.9$v17$zita 700 1$aTissot,$bJ. C.$01821179 801 0$aIT$bUNINA$gREICAT$2UNIMARC 901 $aBK 912 $a9911001974103321 952 $aA MUSA 434$b03/3249/25$fFAGBC 959 $aFAGBC 996 $aAlbum du Fleuriste$94384839 997 $aUNINA